000 00510nam a22002057a 4500
001 21583
005 20260318150141.0
008 260318b |||||||| |||| 00| 0 spa d
041 _aESP
082 _a341.4
_bA87
100 _aAtienza, Manuel
_eAUT
245 _aLas razones del derecho :
_bteorías de la argumentación jurídica
260 _a :
_b ,
_c2004
300 _a000 páginas :
_b ;
_c00 cm.
440 _a ;
650 _aDER
654 _aCDE
700 _a;
942 _cLIB
_dJUS
_fJUS
_2ddc
_n0
999 _c21583
_d21583